30 personnages de Naruto en images - Statistiques

Statistiques générales
  • Ce quiz a été pris 329 fois
  • Le résultat moyen est 25 sur 30
Statistiques - réponses
Par images Réponse % Correct
Gaara
98%
Naruto
98%
Hinata
97%
Itachi
96%
Kakashi
96%
Shikamaru
96%
Gai
94%
Madara
94%
Sakura
94%
Sasuke
94%
Orochimaru
93%
Tsunade
93%
Pain
92%
Lee
91%
Deidara
90%
Zabuza
88%
Konohamaru
84%
Kiba
83%
Rin
82%
Hidan
80%
Shino
80%
Asuma
78%
Konan
77%
Kushina
76%
Yamato
76%
Kurenai
72%
Gamabunta
69%
Pakkun
61%
Hachibi
46%
Mifune
36%
Aucun quiz correspondant
Distribution des résultats
% des personnes avec chaque résultat
Percentile par nombre de réponses
Votre historique - résultats
Vous n’avez pas pris ce quiz